000 00852nam a22001577a 4500
003 OSt
005 20150914104037.0
008 150914b xxu||||| |||| 00| 0 eng d
040 _cRUA
082 _aAGR UNG 2000 B022 Or.2
100 _9442
_aUNG, SYNENG.
245 _aការវាយតំលៃលើចំណោះដឹងនិងបទពិសោធន៍បច្ចេកទេសការពារដំណាំរបស់កសិករ ករណីសិក្សានៅក្នុងភូមិតាមដងស្ទឹងសង្កែក្នុងខេត្តបាត់តំបង (assessment of famers knowledge and technical experiences in crop protection "a case study in the villages along sangker river, battambang province")
260 _aPhnom Penh
_bRUA
_c2000
300 _a65p.
_bill.
_c29cm.
942 _2ddc
_cAGR
999 _c420
_d420